Detalles MARC
| 000 -LIDER |
| fixed length control field |
02679nam a2200481 a 4500 |
| 001 - NÚMERO DE CONTROL |
| Identificador de número de control |
000046431 |
| 003 - IDENTIFICACDOR DE NÚMERO DE CONTROL |
| control field |
DO-SdBNP |
| 005 - DATE AND TIME OF LATEST TRANSACTION |
| control field |
20180313141037.0 |
| 007 - CAMPOS FIJOS DE DESCRIPCIÓN FÍSICA |
| fixed length control field |
000046431 |
| 008 - ELEMENTOS DE LONGITUD FIJA |
| fixed length control field |
091117s1998 dr ac 000 0 spa d |
| 020 ## - ISBN |
| International Standard Book Number |
|
| 020 ## - ISBN |
| International Standard Book Number |
8482611127 |
| 040 ## - FUENTE DE CATALOGACIÓN |
| Agencia que crea de manera original el registro |
BPMSU |
| Idioma de catalogación |
spa |
| Agencia que realiza la transcripción |
BPMSU |
| 082 04 - NÚMERO DE CLASIFICACIÓN DECIMAL DE DEWEY |
| Classification number |
373.6561 |
| Item number |
N964L 1ro.1998 |
| 100 1# - ASIENTO PRINCIPAL -- NOMBRE PERSONAL |
| Nombre personal |
Inchaustegui, María Isabel |
| 245 10 - MENCIÓN DE TITULO |
| Título |
Lengua y literatura 1 : |
| Subtítulo |
segundo ciclo / |
| Mención de responsabilidad |
María Isabel Inchaustegui, Jenny Montero ; editor Manuel Núñez ; dirección editorial Obdulia García de Escobar ; ilustración Ruddy Núñez. |
| 246 ## - VARIACION DEL TÍTULO |
| Título propiamente dicho o título corto |
Segundo ciclo |
| 260 ## - PUBLICACIÓN, DISTRIBUCIÓN, ETC. (PIE DE IMPRENTA) |
| Lugar de publicación, distribución, etc |
Santo Domingo : |
| Nombre del editor, distribuidor, etc. |
Santillana, |
| Fecha de publicación, distribución, etc |
1998 |
| 300 ## - DESCRIPCIÓN FÍSICA |
| Extensión |
3 v. : |
| Otros detalles físicos |
il., retrs. ; |
| Dimensiones |
28 cm. |
| 500 ## - NOTA GENERAL |
| Nota general |
La biblioteca solamente posee el v.1 - Libro texto y v.3 cuadernos de trabajo. |
| 500 ## - NOTA GENERAL |
| Nota general |
Curso 1ro./Segundo ciclo |
| 505 0# - NOTA DE CONTENIDO |
| Información miscelánea |
Unidad 1 -- |
| Título |
Identidad. Acontecimientos inolvidables -- |
| Información miscelánea |
Unidad 2 -- |
| Título |
Medio ambiente. La conservación de la naturaleza -- |
| Información miscelánea |
Unidad 3 -- |
| Título |
Salud. La salud y el ambiente -- |
| Información miscelánea |
Unidad 4 -- |
| Título |
Ciencia y tecnología. Llegada a marte -- |
| -- |
Proyecto 1. El teatro dominicano -- |
| Información miscelánea |
Unidad 5 -- |
| Título |
Educación para el trabajo. Los frutos del trabajo --<br/> |
| Información miscelánea |
Unidad 6 -- |
| Título |
Democracia y participación. La búsqueda de la libertad -- |
| -- |
Proyecto 2. La novela dominicana -- |
| Información miscelánea |
Unidad 7 -- |
| Título |
Ciencia y tecnología. La preocupación por la ciencia -- |
| Información miscelánea |
Unidad 8 -- |
| Título |
Participación y democracia. El mundo en que nos tocó vivir -- |
| Información miscelánea |
Unidad 9 -- |
| Título |
Participación y demogracia. Cultivemos la solidaridad -- |
| Información miscelánea |
Unidad 10 -- |
| Título |
La salud. El ritmo de la salud -- |
| Información miscelánea |
Unidad 11 -- |
| Título |
Creatividad. El trabajo de los artistas y escritores -- |
| Información miscelánea |
Unidad 12 -- |
| Título |
Identidad. Elogio del país profundos -- |
| -- |
Literatura dominicana en el siglo XX -- |
| -- |
Literatura hispanoamericana en el siglo XX -- |
| 650 #4 - ENCABEZAMIENTO DE MATERIA--TEMÁTICO |
| Término temático o nombre geográfico como elemento de entrada |
ESPAÑOL |
| Subdivisión temática general |
ENSEÑANZA SECUNDARIA |
| 650 #4 - ENCABEZAMIENTO DE MATERIA--TEMÁTICO |
| Término temático o nombre geográfico como elemento de entrada |
ESPAÑOL |
| Subdivisión temática general |
EDUCACIÓN SECUNDARIA |
| 650 #4 - ENCABEZAMIENTO DE MATERIA--TEMÁTICO |
| Término temático o nombre geográfico como elemento de entrada |
ESPAÑOL |
| Subdivisión temática general |
LIBROS TEXTOS |
| 650 #4 - ENCABEZAMIENTO DE MATERIA--TEMÁTICO |
| Término temático o nombre geográfico como elemento de entrada |
ESPAÑOL |
| Subdivisión temática general |
ESTUDIOS Y EJERCICIOS |
| 650 #4 - ENCABEZAMIENTO DE MATERIA--TEMÁTICO |
| Término temático o nombre geográfico como elemento de entrada |
EDUCACIÓN SECUNDARIA |
| Subdivisión geográfica |
REPÚBLICA DOMINICANA |
| 650 #4 - ENCABEZAMIENTO DE MATERIA--TEMÁTICO |
| Término temático o nombre geográfico como elemento de entrada |
LITERATURA |
| Subdivisión temática general |
ENSEÑANZA SECUNDARIA |
| 650 #4 - ENCABEZAMIENTO DE MATERIA--TEMÁTICO |
| Término temático o nombre geográfico como elemento de entrada |
LITERATURA |
| Subdivisión temática general |
EDUCACIÓN SECUNDARIA |
| 650 #4 - ENCABEZAMIENTO DE MATERIA--TEMÁTICO |
| Término temático o nombre geográfico como elemento de entrada |
LITERATURA |
| Subdivisión temática general |
LIBROS DE TEXTOS |
| 650 #4 - ENCABEZAMIENTO DE MATERIA--TEMÁTICO |
| Término temático o nombre geográfico como elemento de entrada |
LITERATURA |
| Subdivisión temática general |
ESTUDIOS Y EJERCICIOS |
| 700 1# - ASIENTO SECUNDARIO -- NOMBRE PERSONAL |
| Nombre personal |
García de Escobar, Obdulia |
| Mención de responsabilidad |
ed. |
| 700 1# - ASIENTO SECUNDARIO -- NOMBRE PERSONAL |
| Nombre personal |
Núñez, Manuel |
| Mención de responsabilidad |
ed. |
| -- |
|
| 700 1# - ASIENTO SECUNDARIO -- NOMBRE PERSONAL |
| Nombre personal |
Montero, Jenny |
| 910 ## - VALIDACIÓN |
| Validación |
Validado. Control de calidad MFF |
| 930 #1 - EQUIVALENCE OR CROSS-REFERENCE-UNIFORM TITLE HEADING [LOCAL, CANADA] |
| Language of a work |
|
| Medium of performance for music |
|
| Field link and sequence number |
|
| Date of a work |
|
| Name of part/section of a work |
|
| Miscellaneous information |
|
| 942 ## - ADDED ENTRY ELEMENTS (KOHA) |
| Source of classification or shelving scheme |
Dewey Decimal Classification |
| Koha item type |
Libros |
| 945 ## - INFORMACIÓN DE PROCESAMIENTO LOCAL |
| Información de procesamiento local |
Remanejado para la Bib. BNPHU, 2018/ YL |
| 956 ## - LOCAL ELECTRONIC LOCATION AND ACCESS (OCLC) |
| Nombre de host |
|
| Número de acceso |
|
| Información de compresión |
|
| Inicio de sesión |
|
| Procesador de solicitud |
|
| 956 ## - LOCAL ELECTRONIC LOCATION AND ACCESS (OCLC) |
| Nombre de host |
|
| Número de acceso |
|
| Información de compresión |
|
| Inicio de sesión |
|
| Procesador de solicitud |
|
| 956 ## - LOCAL ELECTRONIC LOCATION AND ACCESS (OCLC) |
| Nombre de host |
VMATEO |
| Número de acceso |
10 |
| Información de compresión |
20150813 |
| Inicio de sesión |
BPMSU |
| Procesador de solicitud |
00151 |
| 956 ## - LOCAL ELECTRONIC LOCATION AND ACCESS (OCLC) |
| Nombre de host |
LOPEREZ |
| Número de acceso |
10 |
| Información de compresión |
20160412 |
| Inicio de sesión |
BPMSU |
| Procesador de solicitud |
0041 |